|
|
|
|
| LEADER |
00000nam0a2200000 4500 |
| 001 |
320969 |
| 005 |
20231102003328.0 |
| 035 |
|
|
|a (RuTPU)RU\TPU\book\346500
|
| 090 |
|
|
|a 320969
|
| 100 |
|
|
|a 20160802d1911 km y0rusy50 ca
|
| 101 |
1 |
|
|a rus
|c ger
|
| 102 |
|
|
|a RU
|
| 105 |
|
|
|a y z 000zd
|
| 200 |
1 |
|
|a История электрохимии
|e пер. с нем.
|f В. Оствальд
|g пер. Г. А. Котляра
|
| 210 |
|
|
|a Санкт-Петербург
|c Образование
|d 1911
|
| 215 |
|
|
|a 251 с.
|
| 600 |
|
1 |
|a Дэви (Дейви)
|b Г. (Х.)
|c английский химик и физик, один из основателей электрохимии
|c иностранный член-корреспондент Петербургской АН
|f 1778-1829
|g Гемфри (Хамфри)
|2 stltpush
|3 (RuTPU)RU\TPU\pers\7127
|9 1314
|
| 600 |
|
1 |
|a Риттер
|b И.-В.
|c немецкий ученый
|f 1776-1810
|g Иоганн Вильгельм
|2 stltpush
|3 (RuTPU)RU\TPU\pers\24114
|9 10660
|
| 600 |
|
1 |
|a Фарадей
|g Майкл
|b М.
|f 1791-1867
|c английский физик, химик
|2 stltpush
|3 (RuTPU)RU\TPU\pers\1366
|
| 606 |
1 |
|
|a Электрохимия
|2 stltpush
|3 (RuTPU)RU\TPU\subj\21014
|9 46066
|
| 610 |
1 |
|
|a химия
|
| 610 |
1 |
|
|a история
|
| 610 |
1 |
|
|a химические открытия
|
| 610 |
1 |
|
|a электрохимики
|
| 610 |
1 |
|
|a ученые
|
| 610 |
1 |
|
|a свободные ионы
|
| 610 |
1 |
|
|a электрохимическая промышленность
|
| 610 |
1 |
|
|a электродвижущие силы
|
| 675 |
|
|
|a 544.6
|v 4
|
| 700 |
|
1 |
|a Оствальд
|b В.
|g Вильгельм
|
| 702 |
|
1 |
|a Котляр
|b Г. А.
|4 730
|
| 801 |
|
1 |
|a RU
|b 63413507
|c 20160802
|
| 801 |
|
2 |
|a RU
|b 63413507
|c 20200609
|g RCR
|
| 942 |
|
|
|c BK
|